000
00260nam a2200097Ia 4500
008
230508s2009 xx 000 0 und d
041
_a
eng
100
_a
RAO
245
_a
OPERATION AND MAINTENANCE OF ELECTRICAL EQUIPMENT
260
_b
MEDIA PROMOTERS
_c
2009
_g
2007
999
_c
723965
_d
723965